| Tag |
First Indicator |
Second Indicator |
Subfields |
| LEADER |
00000cam a2200000 4500 |
| 001 |
in00000051849 |
| 005 |
20151007074040.0 |
| 008 |
751105s1924 maucf 00010 eng |
| 010 |
|
|
|a 24025430
|
| 035 |
|
|
|a (OCoLC)01807160
|
| 035 |
|
|
|9 AAF0843AM
|
| 040 |
|
|
|a JPL
|c JPL
|d TXA
|d UtOrBLW
|
| 049 |
|
|
|a TXAS [naut]
|
| 050 |
0 |
0 |
|a VM23
|b .R62
|
| 092 |
|
|
|a 387
|b R
|
| 100 |
1 |
|
|a Robinson, John,
|d 1846-1925.
|
| 245 |
1 |
4 |
|a The sailing ships of New England :
|b Series two /
|c by John Robinson and George Francis Dow.
|
| 264 |
|
1 |
|a Salem, Mass. :
|b Marine research society,
|c 1924.
|
| 300 |
|
|
|a 51 pages :
|b illustrations, portrait, 208 plates ;
|c 26 cm.
|
| 336 |
|
|
|a text
|b txt
|2 rdacontent
|
| 337 |
|
|
|a unmediated
|b n
|2 rdamedia
|
| 338 |
|
|
|a volume
|b nc
|2 rdacarrier
|
| 490 |
1 |
|
|a Marine research society, Salem, Mass. Publication ;
|v no. 5
|
| 500 |
|
|
|a "Introduction, Donald McKay, the builder of clipper ships": pages 9-51.
|
| 600 |
1 |
0 |
|a McKay, Donald,
|d 1810-1880.
|
| 650 |
|
0 |
|a Ships.
|
| 650 |
|
0 |
|a Shipping
|z New England.
|
| 700 |
1 |
|
|a Dow, George Francis,
|d 1868-1936.
|
| 830 |
|
0 |
|a Publication ... of the Marine Research Society ;
|v no. 5.
|
| 999 |
|
|
|a MARS
|
| 999 |
f |
f |
|s e1b167bd-e855-3127-a2ed-9c759d8c1f91
|i 25795a38-42ef-3ff9-bdf4-adef89a50fac
|t 0
|
| 952 |
f |
f |
|p noncirc
|a Texas A&M University
|b College Station
|c Cushing Memorial Library & Archives
|d Cushing: Maritime (Does not check out)
|t 0
|e VM23 .R62
|h Library of Congress classification
|i unmediated -- volume
|
| 998 |
f |
f |
|a VM23 .R62
|t 0
|l Cushing: Maritime (Does not check out)
|